| 000 | 00705nam a2200217Ia 4500 | ||
|---|---|---|---|
| 999 |
_c41274 _d41274 |
||
| 001 | 7929 | ||
| 003 | GE_BSU | ||
| 005 | 20221003121947.0 | ||
| 008 | 181216s2012ru xx |||||||||||||| ||rus|| | ||
| 020 | _a9785713314170 | ||
| 040 | _cGE_BSU | ||
| 041 | _arus | ||
| 080 | _a341.8(075.8) Л-24 | ||
| 100 |
_aЛапин,Г.Э. _914957 |
||
| 245 |
_aКонсульская служба : _bУчебное пособие / _cГ.Э. Лапин. |
||
| 264 |
_aМосква : _bМеждународные отношения, _c2012. |
||
| 300 |
_a248 стр.: _c19 см. |
||
| 653 | _aКонсульская служба | ||
| 653 | _aსაკონსულო სამსახური | ||
| 942 |
_cBK _2udc |
||